Tressors de la toison d'or /
Guardado en:
| Formato: | Libro |
|---|---|
| Publicado: |
Bruselas :
Credit Communal,
1987
|
| Series: | Palais Des Beaux Arts- Europal
|
| Materias: | |
| Etiquetas: |
Agregar Etiqueta
Sin Etiquetas, Sea el primero en etiquetar este registro!
|
| LEADER | 00546nam a22001935a 4500 | ||
|---|---|---|---|
| 001 | EHU.bham024074 | ||
| 003 | AR-BHAM | ||
| 005 | 20130507115645.0 | ||
| 008 | 130507s1987##################000#0#####d | ||
| 082 | 0 | 6 | |a 069.5 |
| 245 | 0 | 0 | |a Tressors de la toison d'or / |
| 260 | |a Bruselas : |b Credit Communal, |c 1987 | ||
| 300 | |a 209 p. | ||
| 490 | 0 | |a Palais Des Beaux Arts- Europal | |
| 500 | |a 16 Septembre / 16 Decembre 1987 | ||
| 653 | |a Exposiciones | ||
| 653 | |a Arte | ||
| 653 | |a Catalogos | ||
| 859 | |a AR-BHAM |b BIB. HUMANIDADES - General |h 069.5 |i T725 |p 638.01 |t Ej.1 | ||
